<?xml version="1.0" encoding="UTF-8"?>
<collection xmlns="http://www.loc.gov/MARC21/slim">
    <record>
        <controlfield tag="001">8928</controlfield>
        <controlfield tag="005">20170831220415.0</controlfield>
        <datafield tag="037" ind1=" " ind2=" ">
            <subfield code="a">TAZ-TFM-2012-754</subfield>
        </datafield>
        <datafield tag="041" ind1=" " ind2=" ">
            <subfield code="a">spa</subfield>
        </datafield>
        <datafield tag="100" ind1="1" ind2=" ">
            <subfield code="a">Soria Verde, Monserrat</subfield>
        </datafield>
        <datafield tag="245" ind1="0" ind2="0">
            <subfield code="a">Evaluación y conservación del patrimonio paleontológico en Aragón</subfield>
        </datafield>
        <datafield tag="260" ind1=" " ind2=" ">
            <subfield code="a">Zaragoza</subfield>
            <subfield code="b">Universidad de Zaragoza</subfield>
            <subfield code="c">2012</subfield>
        </datafield>
        <datafield tag="506" ind1=" " ind2=" ">
            <subfield code="a">by-nc-sa</subfield>
            <subfield code="b">Creative Commons</subfield>
            <subfield code="c">3.0</subfield>
            <subfield code="u">http://creativecommons.org/licenses/by-nc-sa/3.0/</subfield>
        </datafield>
        <datafield tag="500" ind1=" " ind2=" ">
            <subfield code="a">Resumen disponible también en inglés.</subfield>
        </datafield>
        <datafield tag="520" ind1=" " ind2=" ">
            <subfield code="a">La conservación del Patrimonio Paleontológico iniciada en la década de los 80 con la aplicación principalmente de la Ley de Patrimonio Histórico Español de 1985 y complementada con la Ley de Conservación de Espacios Naturales y de la Fauna y Flora Silvestre de 1989 (actualmente derogada por la Ley del Patrimonio Natural y de la Biodiversidad de 2007), ha permitido un acercamiento a la sociedad actual de este recurso natural. Esto a su vez ha incrementado el potencial de conservación de los yacimientos paleontológicos desarrollado nuevas vías de gestión de este patrimonio encaminadas a ser el motor del desarrollo turístico de una región como Aragón. Son muy numerosas las monografías que estudian el contenido fosilífero de los distintos períodos geológicos de Aragón y que ponen de manifiesto las repercusiones científicas que ha aportado el estudio paleontológico de dichos materiales: la definición de unidades cronoestratigráficas (pisos Rambliense, Turoliense, Aragoniense y Alfambriense), estratotipos (Los Mansuetos, El Arquillo, Rubielos de Mora, Villafeliche), cortes tipo de unidades litoestratigráficas (Moscardón, Sierra Palomera, Ricla, Zaragoza) y holotipos de distintas espacies (Homoeorhynchia meridionalis, Teruella gautieri, Rana pueyoi, Aragosaurus , Perisphinctes nectobrigensis, Per. aguilonensis, Paradoxides mureroensis) se han realizado gracias a estos estudios que ponen de manifiesto la importancia del Patrimonio Paleontológico de Aragón. Asimismo se lleva a cabo una revisión y actualización del marco legislativo sobre la conservación del Patrimonio Paleontológico con un análisis de las figuras formales (Zona Paleontológica, Sitio Histórico, Monumento Natural) y figuras informales o sin contenido legal específico (LIGs  y PEIPs) que se han venido utilizando para la protección de los yacimientos paleontológicos en Aragón. Por último, se analizan las diferentes vías de gestión y difusión del Patrimonio Paleontológico entre las que destacan la Gestión museística (museística central, museística local y exomuseos), las Redes y el Geoturismo paleontológico (Dinópolis).</subfield>
        </datafield>
        <datafield tag="521" ind1=" " ind2=" ">
            <subfield code="a">Máster Universitario en Iniciación a la Investigación en Geología</subfield>
        </datafield>
        <datafield tag="540" ind1=" " ind2=" ">
            <subfield code="a">Derechos regulados por licencia Creative Commons</subfield>
        </datafield>
        <datafield tag="653" ind1="1" ind2=" ">
            <subfield code="a">patrimonio</subfield>
        </datafield>
        <datafield tag="653" ind1="1" ind2=" ">
            <subfield code="a">paleontología</subfield>
        </datafield>
        <datafield tag="653" ind1="1" ind2=" ">
            <subfield code="a">aragón</subfield>
        </datafield>
        <datafield tag="653" ind1="1" ind2=" ">
            <subfield code="a">protección</subfield>
        </datafield>
        <datafield tag="700" ind1=" " ind2=" ">
            <subfield code="a">Meléndez Hevia, Guillermo</subfield>
            <subfield code="e">dir.</subfield>
        </datafield>
        <datafield tag="710" ind1="2" ind2=" ">
            <subfield code="a">Universidad de Zaragoza</subfield>
            <subfield code="b">Ciencias de la Tierra</subfield>
            <subfield code="c">Paleontología</subfield>
        </datafield>
        <datafield tag="856" ind1="0" ind2=" ">
            <subfield code="f">144365@celes.unizar.es</subfield>
        </datafield>
        <datafield tag="856" ind1="4" ind2=" ">
            <subfield code="s">1705141</subfield>
            <subfield code="u">http://zaguan.unizar.es/record/8928/files/TAZ-TFM-2012-754.pdf</subfield>
            <subfield code="y">Memoria (spa)</subfield>
        </datafield>
        <datafield tag="909" ind1="C" ind2="O">
            <subfield code="o">oai:zaguan.unizar.es:8928</subfield>
            <subfield code="p">trabajos-fin-master</subfield>
            <subfield code="p">driver</subfield>
        </datafield>
        <datafield tag="950" ind1=" " ind2=" ">
            <subfield code="a"></subfield>
        </datafield>
        <datafield tag="980" ind1=" " ind2=" ">
            <subfield code="a">TAZ</subfield>
            <subfield code="b">TFM</subfield>
            <subfield code="c">CIEN</subfield>
        </datafield>
    </record>

    
</collection>